000 01493cam a2200457 a 4500
001 22958
003 SK-KTurca
005 20260513080113.0
008 180806s2010 xo o g 000 1 slo
015 _aSNBA2011/01-00165
020 _a9788055123165
_q(brož.)
035 _a5888235C-54A6-46EB-BCC4-EBFB07D533AB
035 _aurn:nbn:sk:snk-amleip
035 _aurn:nbn:sk:snk-am008yh4
040 _aSNK
_bslo
_cSNK
_eAACR2
041 0 _aslo
043 _aa-ce---
044 _axo
_cSK
072 7 _a821.162.4-3
_xSlovenská próza
_2konspekt
080 _a821.162.4-3
_22011
080 _a(0:82-992)
_22011
100 1 _aFilan, Boris,
_d1949-
_4aut
_4pht
245 1 0 _aTajomstvo Budhovho úsmevu, alebo, Dám všetko, čo viem, za polovičku toho, čo neviem
_cBoris Filan ; [mapy Dávid a Ivan Popovič]
246 3 0 _aDám všetko, čo viem, za polovičku toho, čo neviem
250 _a1. vyd.
260 _aBratislava
_bIkar
_c2010
300 _a191 s.
_bfareb. fotogr.
_c21 cm
490 1 _aSvet gombička
651 7 _aSrí Lanka
_2SNKPHgeo
651 7 _aSrí Lanka
_2SNKPHeng
655 7 _aslovenské prózy
_2SNKPH
655 7 _aSlovak prose
_2SNKPHeng
655 7 _acestopisy
_2SNKPH
655 7 _aBooks of travels
_2SNKPHeng
700 1 _aPopovič, Ivan,
_d1944-
_4ctg
700 1 _aPopovič, Dávid,
_d1967-
_4ctg
830 0 _aSvet gombička
942 _2ddc
_cOLDO
_n0
999 _c22958
_d22958